00642nam a2200181 i 450000100060000000300090000600500170001500700030003200800410003510000380007624500570011426000410017130000280021250000590024050000930029985200340039285200340042693555ES-MaACL20231227201228.0t|050413s1970 po ||||1| spa d1 aLópez Anglada, Luis,d1919-200710aUna casa para toda la vida / cLuis López Anglada. aOporto : bJunta Distrital, c[1970] a6 p. : bil. ; c23 cm. aEs tirada aparte de la Revista de Etnografía, n. 27. aPrecede al tít: El Museo de Etnografía e Historia de la Junta Distrital de Oporto... aES-MaACLj2110-F-20 bR.88971 aES-MaACLj2075-F-15 bR.76060